Impacto ambiental (Gestin̤ ambiental, primer semestre)

Esta tutora̕ en impacto ambiental est ̀dividida en los siguientes capt̕ulos:Historia e importanciaMarco legal e institucionalLa evaluacin̤ de impacto ambiental

Saved in:
Bibliografiske detaljer
Format: Bog
Sprog:spansk
Tags: Tilføj Tag
Ingen Tags, Vær først til at tagge denne postø!

MARC

LEADER 00000nam a22000004a 4500
001 vpro3210
005 20201223000000.0
008 121019s2012 ck # g## #001 0#spa#d
020
022
040 |a CO-BoINGC 
041 0 |a spa 
245 1 0 |a Impacto ambiental (Gestin̤ ambiental, primer semestre) 
246 |a Environmental impact (Environmental Management) 
264 |a Bogot ̀(Colombia) :  |b Revista VirtualPRO,  |c 2012 
520 3 |a Esta tutora̕ en impacto ambiental est ̀dividida en los siguientes capt̕ulos:Historia e importanciaMarco legal e institucionalLa evaluacin̤ de impacto ambiental